000
00248nam a2200097Ia 4500
001
702146
005
20250826162326.0
008
250824s9999 xx 000 0 und d
245
0
_a
FİLİN YOLCULUĞU
_c
JOSE SARAMAGO
260
_b
KIRMIZI KEDİ YAYINLARI
999
_c
702146
_d
702146